Online
Catalog

Eva y la montaña rusar / (Record no. 58627)

MARC details
000 -CABECERA
campo de control de longitud fija 01341nam a2200265 i 4500
003 - IDENTIFICADOR DEL NÚMERO DE CONTROL
campo de control DO-SdBNP
005 - FECHA Y HORA DE LA ÚLTIMA TRANSACCIÓN
campo de control 20250404153313.0
007 - CAMPO FIJO DE DESCRIPCIÓN FÍSICA--INFORMACIÓN GENERAL
campo de control de longitud fija ta
008 - DATOS DE LONGITUD FIJA--INFORMACIÓN GENERAL
campo de control de longitud fija 250404t2024 dr a 00| ||spa d
020 ## - NÚMERO INTERNACIONAL ESTÁNDAR DEL LIBRO
ISBN cancelado o inválido 9789945941418
040 ## - FUENTE DE LA CATALOGACIÓN
Centro catalogador/agencia de origen DO-SdBNP
Lengua de catalogación spa
Centro/agencia transcriptor BNPHU
Normas de descripción rda
082 ## - NÚMERO DE LA CLASIFICACIÓN DECIMAL DEWEY
Número de clasificación xxx
Número de documento/Ítem G549
Número de edición 22
100 1# - ENTRADA PRINCIPAL--NOMBRE DE PERSONA
Nombre de persona Glass, Eileen
Término indicativo de función/relación autora
Código de función/relación aut.
9 (RLIN) 87358
245 10 - MENCIÓN DE TÍTULO
Título Eva y la montaña rusar /
Mención de responsabilidad, etc. Eileen Glass
264 ## - PRODUCCIÓN, PUBLICACIÓN, DISTRIBUCIÓN, FABRICACIÓN Y COPYRIGHT
Producción, publicación, distribución, fabricación y copyright Santo Domingo :
Nombre del de productor, editor, distribuidor, fabricante Editorial La Isla de Libros,
Fecha de producción, publicación, distribución, fabricación o copyright 2024.
300 ## - DESCRIPCIÓN FÍSICA
Extensión [32] páginas
Otras características físicas ilustraciones
Dimensiones 26 cm.
336 ## - TIPO DE CONTENIDO
Término de tipo de contenido texto
Código de tipo de contenido txt
Fuente rdacontent
337 ## - TIPO DE MEDIO
Nombre/término del tipo de medio sin mediación
Código del tipo de medio n
Fuente rdamedia
338 ## - TIPO DE SOPORTE
Nombre/término del tipo de soporte volumen
Código del tipo de soporte nc
Fuente rdacarrier
500 ## - NOTA GENERAL
Nota general Incluye datos biográficos de la autora en la página 32.
520 ## - SUMARIO, ETC.
Sumario, etc. Este libro está diseñado para niños a partir de los 4 años de edad, y está pensado no solo para ellos, sino también para sus madres, padres, educadores y cuidadores. Su propósito principal es ayudarnos a comprender y gestionar las emociones, mientras proporciona a los adultos las herramientas necesarias para guiar y acompañar a los niños en este esencial viaje de autodescubrimiento y desarrollo emocional.<br/><br/>Juntos, podemos enseñar a los niños a abrazar sus burbujitas de emociones<br/>con amor, comprensión y valentía.
590 ## - NOTA LOCAL (RLIN)
Nota local Inventariado, 2025/ YL
910 ## - DATOS DE OPCIÓN DEL USUARIO (OCLC)
Datos de opción del usuario YLockward
942 ## - ELEMENTOS DE PUNTO DE ACCESO ADICIONAL (KOHA)
Fuente del sistema de clasificación o colocación Dewey Decimal Classification
Tipo de ítem Koha Folleto
Holdings
Estado de retiro Estado de pérdida Fuente del sistema de clasificación o colocación Restricciones de uso No para préstamo Código de colección Localización permanente Ubicación/localización actual Ubicación en estantería Fecha de adquisición Fuente de adquisición Total de préstamos Signatura topográfica completa Código de barras Fecha visto por última vez Precio válido a partir de Tipo de ítem Koha Número de copia
    Dewey Decimal Classification Excluido de préstamo   Infantojuvenil Patrimonio Dominicano Biblioteca Nacional Pedro Henríquez Ureña Biblioteca Nacional Pedro Henríquez Ureña En catalogación 23.09.2024 Depósito Legal   BNPHU F-CIJ-PD xxx G549 2025-2709 04.04.2025 04.04.2025 Folleto  
    Dewey Decimal Classification Excluido de préstamo   Infantojuvenil Patrimonio Dominicano Biblioteca Nacional Pedro Henríquez Ureña Biblioteca Nacional Pedro Henríquez Ureña En catalogación 23.09.2024 Depósito Legal   BNPHU F-CIJ-PD xxx G549 2025-2710 04.04.2025 04.04.2025 Folleto e. 2
    Dewey Decimal Classification Préstamo en sala   Dominicana de Servicio Biblioteca Nacional Pedro Henríquez Ureña Biblioteca Nacional Pedro Henríquez Ureña En catalogación 23.09.2024 Depósito Legal   BNPHU F-CIJ-DS xxx G549 2025-2711 04.04.2025 04.04.2025 Folleto e. 3

Powered by Koha